[Event "Titled Tuesday intern op 30th Jul Late"]
[Site "Chess.com INT"]
[Date "2024.07.30"]
[Round "5"]
[White "Tanenbaum, Zachary Chen"]
[Black "Sultanbek, Zeinep"]
[Result "0-1"]
[WhiteElo "2292"]
[BlackElo "2122"]
[PlyCount "154"]
[EventDate "2024.07.30"]
[EventType "swiss (blitz)"]
[EventRounds "11"]
[EventCountry "USA"]
[SourceTitle "EXT 2025"]
[Source "ChessBase"]
[SourceDate "2024.10.14"]
[SourceVersion "1"]
[SourceVersionDate "2024.10.14"]
[SourceQuality "1"]

1. e4 c5 2. Nf3 d6 3. d4 cxd4 4. Nxd4 Nf6 5. Nc3 Nc6 6. Bg5 e6 7. Bb5 Bd7 8. Qd3 Nxd4 9. Bxd7+ Qxd7 10. Qxd4 Be7 11. 0-0-0 h6 12. Bxf6 gxf6 13. f4 a6 14. f5 b5 15. Rhf1 Rc8 16. Rf3 Rc4 17. Qd3 Qc7 18. fxe6 fxe6 19. Ne2 Kd7 20. Nf4 Rc8 21. Rf2 Qc5 22. Rfd2 Qe5 23. Ng6 Qxe4 24. Qxe4 Rxe4 25. Nxe7 Kxe7 26. Rxd6 Re2 27. c3 b4 28. Rd7+ Ke8 29. Rh7 Rc6 30. Rd3 bxc3 31. bxc3 Rxg2 32. Rxh6 e5 33. Re3 Kf7 34. Rh7+ Kg6 35. Rd7 Rxh2 36. Rg3+ Kf5 37. Rf3+ Ke4 38. Rdd3 Rxa2 39. Rfe3+ Kf5 40. Rf3+ Ke6 41. Kb1 Rg2 42. Rd8 Rb6+ 43. Kc1 a5 44. Re8+ Kf7 45. Rxe5 Ra6 46. Rb5 a4 47. Rb2 Rg1+ 48. Kc2 a3 49. Ra2 Rg2+ 50. Kb3 Rb6+ 51. Kxa3 Ra6+ 52. Kb3 Rgxa2 53. Kc4 R6a4+ 54. Kd3 R2a3 55. Rf5 Rh4 56. Rc5 Rh3+ 57. Ke4 Rhxc3 58. Rb5 Ra4+ 59. Kd5 Rf3 60. Rb7+ Kg6 61. Ke6 Re3+ 62. Kd5 f5 63. Rb6+ Kg5 64. Rb5 f4 65. Kc5 Kg4 66. Kd6 f3 67. Rb8 f2 68. Rg8+ Kf3 69. Rf8+ Rf4 70. Rh8 f1Q 71. Rh3+ Qxh3 72. Kc5 Re5+ 73. Kd6 Qh6+ 74. Kxe5 Qg5+ 75. Ke6 Rf6+ 76. Ke7 Qg7+ 77. Ke8 Rf8# 0-1